|
|
|
|
| LEADER |
00000nam a2200000 4500 |
| 001 |
vtls012251127 |
| 003 |
SK-MaSNL |
| 005 |
20260301105721.0 |
| 008 |
240222s2022 xo a crp 000 0 hun |
| 015 |
|
|
|a SNBA2024/03
|
| 020 |
|
|
|a 9788080983444
|q (brožované)
|
| 040 |
|
|
|a SNK
|b slo
|c SNK
|e rda
|
| 041 |
0 |
|
|a hun
|
| 044 |
|
|
|a xo
|c SK
|
| 072 |
|
7 |
|a 811.511.1
|x Ugrofínske jazyky
|2 konspekt
|
| 072 |
|
7 |
|a 37.016
|x Učebné osnovy. Vyučovacie predmety. Učebnice
|2 konspekt
|
| 080 |
|
|
|a 811.511.141
|2 2011
|
| 080 |
|
|
|a (075.2)
|2 2011
|
| 080 |
|
|
|a (076.1)
|2 2011
|
| 080 |
|
|
|a 81'36
|2 2011
|
| 100 |
1 |
|
|a Bolgár, Katalin,
|d 1977-
|4 aut
|9 217278
|
| 245 |
1 |
0 |
|a Munkafüzet magyar nyelvből
|b az alapiskola 5. osztálya számára
|c Bolgár Katalin, Bukorné Danis Erzsébet
|
| 246 |
3 |
1 |
|a Pracovný zošit z maďarského jazyka
|b pre 5. ročník základnej školy s vyučovacím jazykom maďarským
|
| 246 |
3 |
4 |
|a Magyar nyelv az alapiskola 5. osztálya számára
|b munkafüzet
|
| 250 |
|
|
|a Harmadik kiadás
|
| 264 |
|
1 |
|a Bratislava
|b Terra
|c 2022
|
| 300 |
|
|
|a 71 strán
|b ilustrácie
|c 30 cm
|
| 336 |
|
|
|a text
|b txt
|2 rdacontent
|
| 337 |
|
|
|a bez média
|b n
|2 rdamedia
|
| 338 |
|
|
|a zväzok
|b nc
|2 rdacarrier
|
| 500 |
|
|
|a Názov a tiráž súbežne v slovenčine
|
| 650 |
0 |
7 |
|a maďarčina
|2 SNKPH
|9 1492
|
| 650 |
0 |
7 |
|a Hungarian language
|2 SNKPHeng
|9 266361
|
| 650 |
0 |
7 |
|a gramatika
|2 SNKPH
|9 865
|
| 650 |
0 |
7 |
|a Grammar
|2 SNKPHeng
|9 278150
|
| 655 |
|
7 |
|a učebnice základných škôl
|2 SNKPH
|9 70187
|
| 655 |
|
7 |
|a pracovné zošity
|2 SNKPH
|9 70188
|
| 655 |
|
7 |
|a Textbooks (elementary)
|2 SNKPHeng
|9 276977
|
| 655 |
|
7 |
|a Activity books
|2 SNKPHeng
|9 302885
|
| 700 |
1 |
|
|a Bukorné Danis, Erzsébet
|4 aut
|9 333080
|
| 700 |
1 |
|
|a Balázsy, Géza,
|d 1959-
|4 ill
|9 88598
|
| 852 |
|
|
|a Slovenská národná knižnica
|
| 919 |
|
|
|a 978-80-8098-344-4
|
| 954 |
|
|
|a odborná, vedecká literatúra cudzojazyčná (svetová)
|2 lita
|
| 999 |
|
|
|c 701546
|d 703476
|
| 952 |
|
|
|a SNK
|b SNK
|y PREZ
|7 0
|p 17A1544770
|o snkSB 100100
|i snk2024/3048
|8 0
|0 0
|1 0
|4 0
|d 2024-02-22
|l 0
|r 2025-05-19 00:00:00
|w 2026-02-23
|
| 952 |
|
|
|a SNK
|b SNK
|y VYP
|7 0
|p 17A1544771
|o snkSB 100100 D1
|i snk2024/3049
|8 0
|0 0
|1 0
|4 0
|d 2024-02-22
|l 0
|r 2026-02-23 21:00:34
|w 2026-02-23
|